Potential of the IRRDB81 Hevea resource for timber production (Record no. 65392)

MARC details
000 -LEADER
fixed length control field 00485nam a2200145Ia 4500
100 ## - MAIN ENTRY--AUTHOR NAME
Personal name Truong Vu Van
245 #0 - TITLE STATEMENT
Title Potential of the IRRDB81 Hevea resource for timber production
260 ## - PUBLICATION, DISTRIBUTION, ETC. (IMPRINT)
Name of publisher Preprints of Papers. International Natural Rubber Conference 13-14 November 2006, Vietnam, pp.390-398.
650 ## - SUBJECT ADDED ENTRY--TOPICAL TERM
Topical Term IRRDB81 hevea germplasm
650 ## - SUBJECT ADDED ENTRY--TOPICAL TERM
Topical Term Timber production
700 ## - ADDED ENTRY--PERSONAL NAME
Personal name 6aTuy Le Mau
700 ## - ADDED ENTRY--PERSONAL NAME
Personal name Lam Lai Van
942 ## - ADDED ENTRY ELEMENTS (KOHA)
Koha item type Journals
Holdings
Withdrawn status Lost status Damaged status Not for loan Home library Current library Shelving location Date acquired Koha item type
      Journals RRII Library RRII Library Germaplsm 13/02/2007 Journals